=LDR 00000nam 2200000 4500 =001 INLIS000000000002611 =005 20130612090932 =008 ***********************************Ind** =035 ##$$0010-061300000002611 =041 ##$$a Ind =082 ##$$a 616.852 2 =090 ##$$a 616.852 2, Col s =100 ##$$a Coleman, Vernon =245 ##$$a Strss dan lambung anda, Vernon Coleman; Alih bahasa, M.S.Hadisubrata =260 ##$$a 1992 $b Jakarta =300 ##$$a viii, 128 hlm, 19 cm =650 ##$$a Stres(Fisiologi) =700 ##$$a Hadisubrata,M.S =850 ##$$a NBPNMAT